[Event "Vecindario Ansite 4th A"]
[Site "Vecindario"]
[Date "2014.09.03"]
[Round "5.1"]
[White "Guerrero Orihuela, Jose Luis"]
[Black "Suarez Buceta, Melquiades"]
[Result "1/2-1/2"]
[WhiteElo "1656"]
[BlackElo "1669"]
[PlyCount "121"]
[EventDate "2014.08.25"]
[EventType "tourn"]
[EventRounds "9"]
[EventCountry "ESP"]
[SourceTitle "EXT 2024"]
[Source "ChessBase"]
[SourceDate "2023.10.10"]
[SourceVersion "1"]
[SourceVersionDate "2023.10.10"]
[SourceQuality "1"]

1. d4 Nf6 2. c4 e6 3. Nc3 Bb4 4. Qc2 0-0 5. a3 Bxc3+ 6. Qxc3 d5 7. Bg5 Nbd7 8. e3 c6 9. Qc2 dxc4 10. Bxf6 Qxf6 11. Bxc4 e5 12. Nf3 Re8 13. 0-0 e4 14. Nd2 Qg6 15. f3 exf3 16. Qxg6 hxg6 17. Rxf3 Nf6 18. e4 Be6 19. e5 Nd7 20. Raf1 f6 21. Re3 fxe5 22. dxe5 Bxc4 23. Nxc4 b5 24. Na5 Rxe5 25. Rxe5 Nxe5 26. Re1 Nd3 27. Re3 Nxb2 28. Nxc6 a6 29. Rf3 Re8 30. Kf1 Re6 31. Nd4 Rd6 32. Nc2 Nc4 33. Ke1 Rd2 34. Nb4 Rxg2 35. Nxa6 Ra2 36. Nc7 Rxa3 37. Rf4 Nd6 38. Rd4 Ra7 39. Rxd6 Rxc7 40. Rb6 Rc5 41. Rxg6 Kh7 42. Rb6 g6 43. Kf2 Kh6 44. Kg3 Kh5 45. h3 Rc3+ 46. Kg2 Rb3 47. Rb8 b4 48. Rb7 Kg5 49. Rb6 Kf5 50. h4 Rb2+ 51. Kf3 b3 52. Rb5+ Kf6 53. Rb6+ Kg7 54. Ke3 Kh6 55. Kf3 Rb1 56. Kg2 b2 57. Rb5 Kg7 58. Rb6 Kf7 59. Kh2 Ke7 60. Kg2 Kd7 61. Kh2 1/2-1/2